International Economics: Global Market Competition (Record no. 8591)

MARC details
000 -LEADER
fixed length control field 00357nam a2200133Ia 4500
008 - FIXED-LENGTH DATA ELEMENTS--GENERAL INFORMATION
fixed length control field 260604s9999 xx 000 0 und d
020 ## - INTERNATIONAL STANDARD BOOK NUMBER
International Standard Book Number 9789811280252
082 ## - DEWEY DECIMAL CLASSIFICATION NUMBER
Classification number 337 THO
100 ## - MAIN ENTRY--PERSONAL NAME
Personal name Henry thompson
9 (RLIN) 35762
245 #0 - TITLE STATEMENT
Title International Economics: Global Market Competition
260 ## - PUBLICATION, DISTRIBUTION, ETC.
Name of publisher, distributor, etc. World Scientific
500 ## - GENERAL NOTE
General note International Economics
942 ## - ADDED ENTRY ELEMENTS (KOHA)
Koha item type Book
Holdings
Date last seen Total Checkouts Full call number Barcode Cost, replacement price Price effective from Koha item type Lost status Damaged status Not for loan Withdrawn status Home library Current library Shelving location Date acquired Cost, normal purchase price BOOK NO
06/04/2026   337 THO 004209 6981.00 06/04/2026 Book         Indian Institute of Management Visakhapatnam Indian Institute of Management Visakhapatnam   06/04/2026 6981.00 THO

Copyright © 2024 Indian Institute of Management Visakhapatnam
Koha v23.05